000 00810nam a22002057a 4500
003 OSt
005 20260312010836.0
008 260312b |||||||| |||| 00| 0 eng d
020 _a0-515-12609-8
040 _aDWCL GS lib
_cOC
082 _aF818f 1998
100 _aFRANCIS DICK
245 _aField of thirteen
_cDICK FRANCIS
300 _a289 p
_c17cm
520 _aa collection of 13 suspenseful short stories centered on the high-stakes world of horse racing, featuring murder, mystery, and mayhem.
650 _aThe stories are characterized by a "morally ordered universe" where criminals and wrongdoers typically receive their comeuppance.
650 _amystery stories that explore themes of corruption, greed, and poetic justice within the sport
700 _aDICK FRANCIS
942 _2ddc
_cFIC.
_n0
999 _c8978
_d8978